Congratulations-Mac Miller - Statistics

General Stats
  • This quiz has been taken 207 times
  • The average score is 224 of 343
Answer Stats
Hint. Answer % Correct
. i
98%
. I
98%
. a
97%
. the
93%
. when
93%
. love
92%
. you
92%
. so
89%
. my
85%
. to
85%
. in
84%
. we
84%
. divine
83%
. dont
83%
. me
82%
. shine
82%
. and
81%
. alone
80%
. be
80%
. blue
80%
. girl
80%
. go
80%
. sun
80%
. with
80%
. This
79%
. this
79%
. color
78%
. just
78%
. ever
77%
. it
77%
. know
77%
. like
77%
. of
77%
. remind
77%
. your
77%
. is
76%
. mine
76%
. all
74%
. every
73%
. too
73%
. were
73%
. look
72%
. eyes
71%
. mind
71%
. see
71%
. wanted
71%
. lose
69%
. soul
69%
. control
68%
. good
68%
. true
68%
. everything
67%
. for
67%
. its
67%
. pocket
67%
. away
66%
. through
66%
. bought
64%
. planned
64%
. ring
64%
. ask
63%
. felt
63%
. iam
63%
. was
63%
. wedding
63%
. run
62%
. day
61%
. sex
61%
. they
61%
. well
61%
. baby
60%
. guess
60%
. college
59%
. forgot
58%
. highs
58%
. knew
58%
. on
58%
. other
58%
. that
58%
. make
57%
. surprised
57%
. oh
56%
. if
55%
. phone
55%
. remember
55%
. god
54%
. darlin
52%
. future
52%
. past
52%
. went
52%
. what
52%
. present
51%
. talking
51%
. up
51%
. got
50%
. alarmin
48%
. damn
48%
. get
47%
. gossip
47%
. laugh
47%
. break
45%
. glass
45%
. mail
45%
. about
44%
. car
44%
. puppy
44%
. think
44%
. are
43%
. end
43%
. swear
43%
. feelings
42%
. mornin
42%
. out
42%
. time
42%
. hit
41%
. same
41%
. tell
41%
. artist
40%
. better
39%
. box
39%
. can
39%
. eggs
39%
. now
39%
. there
39%
. tried
39%
. while
39%
. fridge
38%
. laundry
38%
. our
38%
. gettin
37%
. pick
37%
. said
37%
. starrvin
37%
. apartment
36%
. but
36%
. cooked
36%
. dressed
36%
. freak
36%
. have
36%
. own
36%
. pussy
36%
. startin
36%
. voice
36%
. will
36%
. call
35%
. cell
34%
. food
34%
. life
34%
. straight
34%
. thats
34%
. trouble
34%
. aint
33%
. Charmin
33%
. department
33%
. jealous
33%
. kale
33%
. type
33%
. fancy
32%
. made
32%
. stale
32%
. before
30%
. cars
30%
. havin
30%
. Mr
30%
. only
30%
. last
29%
. ass
27%
. bargain
27%
. way
27%
. heavens
26%
. hamper
25%
. night
25%
. right
23%
. take
21%
. chance
20%
. tryna
20%
. lay
12%
. into
8%
. it´d
2%
. won´t
2%
. you´d
2%
. I´ma
1%
No matching quizzes found
Score Distribution
Percent of People with Each Score
Percentile by Number Answered
Your Score History
You have not taken this quiz